Handbook of Stemmatology : History, Methodology, Digital Approaches (Record no. 90085)
[ view plain ]
| 000 -LEADER | |
|---|---|
| fixed length control field | 01298nam a2200241Ia 4500 |
| 000 - LEADER | |
| fixed length control field | 01959naaa 00385uu |
| 001 - CONTROL NUMBER | |
| control field | https://directory.doabooks.org/handle/20.500.12854/63727 |
| 005 - DATE AND TIME OF LATEST TRANSACTION | |
| control field | 20260218105730.0 |
| 008 - FIXED-LENGTH DATA ELEMENTS--GENERAL INFORMATION | |
| fixed length control field | 211013s9999 xx 000 0 und d |
| 024 ## - OTHER STANDARD IDENTIFIER | |
| Standard number or code | 10.1515/9783110684384 |
| 042 ## - AUTHENTICATION CODE | |
| Authentication code | dc |
| 245 #0 - TITLE STATEMENT | |
| Title | Handbook of Stemmatology : History, Methodology, Digital Approaches |
| 260 ## - PUBLICATION, DISTRIBUTION, ETC. | |
| Place of publication, distribution, etc. | Berlin/Boston |
| Name of publisher, distributor, etc. | De Gruyter |
| Date of publication, distribution, etc. | 2020 |
| 300 ## - PHYSICAL DESCRIPTION | |
| Extent | 1 electronic resource (688 p.) |
| 520 ## - SUMMARY, ETC. | |
| Summary, etc. | Stemmatology studies aspects of textual criticism that use genealogical methods. This handbook is the first to cover the entire field, encompassing both theoretical and practical aspects, ranging from traditional to digital methods. Authors from all the disciplines involved examine topics such as the material aspects of text traditions, methods of traditional textual criticism and their genesis, and modern digital approaches used in the field. |
| 540 ## - TERMS GOVERNING USE AND REPRODUCTION NOTE | |
| Terms governing use and reproduction | Creative Commons |
| 653 ## - INDEX TERM--UNCONTROLLED | |
| Uncontrolled term | Textual criticism |
| 700 1# - ADDED ENTRY--PERSONAL NAME | |
| Personal name | Roelli, Philipp |
| 700 1# - ADDED ENTRY--PERSONAL NAME | |
| Personal name | Roelli, Philipp |
| 856 ## - ELECTRONIC LOCATION AND ACCESS | |
| Uniform Resource Identifier | <a href="https://docs.google.com/spreadsheets/d/1yKIrdCPDAG_9c22mwoOIO2DOhtj65Wqa/edit?usp=sharing&ouid=106555315294820607512&rtpof=true&sd=true ">https://docs.google.com/spreadsheets/d/1yKIrdCPDAG_9c22mwoOIO2DOhtj65Wqa/edit?usp=sharing&ouid=106555315294820607512&rtpof=true&sd=true </a> |
| Link text | List of Curated E-Books |
| 942 ## - ADDED ENTRY ELEMENTS (KOHA) | |
| Koha item type | E-Book |
No items available.